000 00748nam a22002057a 4500
008 160928b xxu||||| |||| 00| 0 eng d
020 _a0070068763
050 _aHF 5718 .B66 1995
100 _aBouvee, Courtland L.
245 _aBusiness Communication Today/
_cCourtland L. Bovee and John V. Thill
250 _a4th ed.
260 _aNew York:
_bMcGraw Hill,
_c1995
300 _axxx, 676p. :
_bill. ;
500 _aIncludes references and index.
650 _aBusiness Communications
_xCase studies
_zUnited States
650 _aCommunications in Organizations
_xCase studies
_zUnited States
650 _aBusiness writing
_xCase studies
_zUnited States
700 _aThill, John V.
942 _2lcc
_cBOOKS
_hHF 5718 .B66 1995
999 _c14195
_d14195